|
|
|
|
| LEADER |
00000cam a2200000 7i4500 |
| 001 |
0000016564 |
| 005 |
20080425.0 |
| 008 |
250408 |
| 020 |
|
|
|a 1860193013
|
| 090 |
0 |
0 |
|a 413
|b DIC
|
| 245 |
1 |
0 |
|a Dictionary of computer terms
|
| 260 |
|
|
|a Scotland :
|b Geddes & Grosset Ltd. ,
|c 1996
|
| 650 |
|
0 |
|a Computer terms
|x Dictionaries
|
| 999 |
|
|
|a 0000082502
|b Book
|c REFERENCE
|e Cawangan Segamat
|
| 999 |
|
|
|a 0000776655
|b Book
|c Adult Collection
|e Cawangan Pontian
|
| 999 |
|
|
|a 0000822631
|b Book
|c REFERENCE
|e Cawangan Segamat
|
| 999 |
|
|
|a 0000822632
|b Book
|c REFERENCE
|e Cawangan Segamat
|
| 999 |
|
|
|a 0001012604
|b Book
|c REFERENCE
|e Perbadanan Perpustakaan Awam Johor
|
| 999 |
|
|
|a 0001012607
|b Book
|c REFERENCE
|e Perbadanan Perpustakaan Awam Johor
|